The marriage affair: (Record no. 14540)

000 -LEADER
fixed length control field 01056nam a2200229 a 4500
001 - CONTROL NUMBER
control field :::00012372$&:&@@
003 - CONTROL NUMBER IDENTIFIER
control field OkBaRHE
005 - DATE AND TIME OF LATEST TRANSACTION
control field 20000607103418.0
008 - FIXED-LENGTH DATA ELEMENTS--GENERAL INFORMATION
fixed length control field s1971 j 000 0 eng u
040 ## - CATALOGING SOURCE
Transcribing agency
100 1# - MAIN ENTRY--PERSONAL NAME
Personal name Petersen, J. Allan,
245 14 - TITLE STATEMENT
Title The marriage affair:
Remainder of title the family counselor.
260 ## - PUBLICATION, DISTRIBUTION, ETC. (IMPRINT)
Place of publication, distribution, etc Wheaton, IL., :
Name of publisher, distributor, etc Tyndale House
Date of publication, distribution, etc c1971
300 ## - PHYSICAL DESCRIPTION
Extent 420 p. ;
Dimensions 22 cm.
650 ## - SUBJECT ADDED ENTRY--TOPICAL TERM
Topical term or geographic name as entry element Family Life Education
General subdivision Addresses, Essays, Lectures
650 ## - SUBJECT ADDED ENTRY--TOPICAL TERM
Topical term or geographic name as entry element Marriage
General subdivision Addresses, Essays, Lectures
942 ## - ADDED ENTRY ELEMENTS (KOHA)
Source of classification or shelving scheme
Koha item type Books
Copies
Withdrawn status Date acquired Permanent Location Full call number Not for loan Source of classification or shelving scheme Shelving location Barcode Lost status Koha item type Damaged status Price effective from Copy number Date last seen Current Location
 2010-04-14RHEMA Bible Training CollegeHQ 10 .P47  General Stacks12372 Books 2010-04-1412010-04-14RHEMA Bible Training College
 2010-04-14RHEMA Bible Training CollegeHQ 10 .P47  General Stacks15303 Books 2010-04-1422010-04-14RHEMA Bible Training College
 2010-04-14RHEMA Bible Training CollegeHQ 10 .P47  General Stacks15304 Books 2010-04-1432010-04-14RHEMA Bible Training College
 2010-04-14RHEMA Bible Training CollegeHQ 10 .P47  General Stacks19625 Books 2010-04-1442010-04-14RHEMA Bible Training College